[Event "Catalunya-chT Honor"]
[Site "Catalunya"]
[Date "2013.02.09"]
[Round "4.9"]
[White "Martin Gonzalez, Angel"]
[Black "Aoiz Linares, Jose Javier"]
[Result "1-0"]
[WhiteElo "2336"]
[BlackElo "2131"]
[PlyCount "51"]
[EventDate "2013.01.19"]
[EventType "team-tourn"]
[EventRounds "11"]
[EventCountry "ESP"]
[SourceTitle "CBM 152 Extra"]
[Source "ChessBase"]
[SourceDate "2013.02.25"]
[SourceVersion "1"]
[SourceVersionDate "2013.02.25"]
[SourceQuality "1"]
[WhiteTeam "Barcelona Uga"]
[BlackTeam "Foment Martinenc"]
[WhiteTeamCountry "ESP"]
[BlackTeamCountry "ESP"]

1. e4 c5 2. Nf3 d6 3. d4 cxd4 4. Nxd4 Nf6 5. Nc3 a6 6. Bc4 e6 7. Bb3 Qc7 8. 0-0 b5 9. Re1 Bb7 10. Bg5 Nbd7 11. Qf3 Qc5 12. Be3 Qh5 13. Qxh5 Nxh5 14. a4 b4 15. Na2 Nhf6 16. Nxb4 Nxe4 17. c3 Rc8 18. a5 Be7 19. Ba4 Nec5 20. Bc6 Bxc6 21. Ndxc6 Bf6 22. Rad1 Na4 23. Bc1 d5 24. Rxd5 Nxc3 25. bxc3 Bxc3 26. Bd2 1-0

[Event "Barcelona Ateneu Colon 3rd op"]
[Site "Barcelona"]
[Date "2008.05.13"]
[Round "6.8"]
[White "Aoiz Linares, Jose Javier"]
[Black "Camacho Liesa, Joan"]
[Result "1-0"]
[WhiteElo "2171"]
[BlackElo "1976"]
[PlyCount "99"]
[EventDate "2008.04.08"]
[EventType "swiss"]
[EventRounds "9"]
[EventCountry "ESP"]
[SourceTitle "EXT 2024"]
[Source "ChessBase"]
[SourceDate "2023.10.10"]
[SourceVersion "1"]
[SourceVersionDate "2023.10.10"]
[SourceQuality "1"]

1. d4 d5 2. c4 e6 3. Nc3 Nf6 4. Bg5 c6 5. e3 Nbd7 6. cxd5 cxd5 7. Bd3 Qa5 8. Qc2 Ne4 9. Bxe4 dxe4 10. Bh4 f5 11. Nge2 Bd6 12. Qb3 Nb6 13. Bg3 Qb4 14. Bxd6 Qxd6 15. Nb5 Qe7 16. Nxa7 Nd5 17. Nxc8 Rxc8 18. a3 0-0 19. 0-0 g5 20. Ng3 h5 21. Nxh5 Qh7 22. Qd1 Kf7 23. h3 Rh8 24. g4 fxg4 25. hxg4 Nf6 26. Kg2 Nxh5 27. gxh5 g4 28. Rh1 Qf5 29. Qe2 Rcg8 30. h6 Qg5 31. h7 Rg7 32. Rac1 Kf6 33. Rc5 Qg6 34. Rch5 Qf7 35. Qb5 Qc7 36. Qe5+ Qxe5 37. Rxe5 Rgxh7 38. Rxh7 Rxh7 39. Rxe4 Rc7 40. Re5 Rf7 41. Kg3 Ke7 42. Re4 Kd6 43. Rxg4 Rc7 44. Rg5 Rc2 45. Rb5 Kc6 46. Rc5+ Rxc5 47. dxc5 Kxc5 48. Kf4 Kd5 49. b3 b5 50. f3 1-0

[Event "Catalunya-chT Primera Gp2"]
[Site "Catalunya"]
[Date "2008.04.20"]
[Round "9"]
[White "Serrano Pertinez, Miquel"]
[Black "Aoiz Linares, Jose Javier"]
[Result "1-0"]
[WhiteElo "2115"]
[BlackElo "2171"]
[PlyCount "101"]
[EventDate "2008.01.27"]
[EventType "team-tourn"]
[EventRounds "9"]
[EventCountry "ESP"]
[SourceTitle "EXT 2019"]
[Source "ChessBase"]
[SourceDate "2018.10.10"]
[SourceVersion "1"]
[SourceVersionDate "2018.10.10"]
[SourceQuality "1"]

1. d4 Nf6 2. Bg5 Ne4 3. Bh4 d5 4. f3 Nd6 5. Nd2 Nf5 6. Bf2 e6 7. c3 Qg5 8. Nh3 Qh6 9. Nb3 Ne3 10. Qc1 Nxf1 11. Qxh6 gxh6 12. Rxf1 Rg8 13. Bg3 b6 14. Rf2 Na6 15. 0-0-0 Bb7 16. Nf4 Bd6 17. Nh5 Bxg3 18. hxg3 0-0-0 19. Rh1 Rg6 20. g4 f5 21. Nf4 Rf6 22. Rh4 Rg8 23. gxf5 exf5 24. Rf1 Rd8 25. Rfh1 Rdd6 26. Kd2 Nb8 27. Ke3 Nc6 28. R1h3 Ba6 29. Nd2 Ne7 30. Kf2 c5 31. Rg3 Rf7 32. Nf1 cxd4 33. cxd4 Nc6 34. Rg8+ Kc7 35. Ne3 Ne7 36. Re8 Kd7 37. Rh8 Bb7 38. Rh5 Bc6 39. Nd3 Ng6 40. Rg8 Ne7 41. Ne5+ Ke6 42. Nxf7 Kxf7 43. Rb8 Kg6 44. g4 fxg4 45. fxg4 Bd7 46. Rd8 Nc6 47. Nf5 Nxd8 48. Rxh6+ Kg5 49. Rxd6 Bxf5 50. gxf5 Nf7 51. Rxd5 1-0

[Event "Catalunya-chT"]
[Site "Spain"]
[Date "1997.??.??"]
[Round "9"]
[White "Aoiz Linares, Jose Javier"]
[Black "Hernando Rodrigo, Jose Maria"]
[Result "0-1"]
[WhiteElo "2245"]
[BlackElo "2270"]
[PlyCount "70"]
[EventDate "1997.??.??"]
[EventType "team"]
[EventRounds "9"]
[EventCountry "ESP"]
[SourceTitle "EXT 2002"]
[Source "ChessBase"]
[SourceDate "2001.11.25"]
[SourceVersion "1"]
[SourceVersionDate "2001.11.25"]
[SourceQuality "1"]

1. c4 Nf6 2. Nc3 e5 3. Nf3 Nc6 4. g3 Bc5 5. Bg2 0-0 6. 0-0 d6 7. d3 h6 8. a3 a5 9. e3 Bb6 10. b3 Be6 11. d4 Bg4 12. d5 Ne7 13. Qc2 Qd7 14. Bb2 Ng6 15. b4 Ba7 16. Nd2 Bh3 17. Nce4 Nh7 18. c5 Bxg2 19. Kxg2 dxc5 20. Qc4 cxb4 21. axb4 b5 22. Nc5 Qd6 23. Qd3 axb4 24. Nde4 Qe7 25. Qxb5 f5 26. Qb7 fxe4 27. Rxa7 Rxa7 28. Qxa7 Ng5 29. Ne6 Nxe6 30. dxe6 h5 31. h4 Kh7 32. Qb7 Qxe6 33. Qxe4 c5 34. f4 Qg4 35. Bxe5 Rf5 0-1

[Event "Catalunya-chT"]
[Site "Spain"]
[Date "1997.??.??"]
[Round "8"]
[White "De la Riva Aguado, Oscar"]
[Black "Aoiz Linares, Jose Javier"]
[Result "1/2-1/2"]
[WhiteElo "2480"]
[BlackElo "2245"]
[PlyCount "68"]
[EventDate "1997.??.??"]
[EventType "team"]
[EventRounds "9"]
[EventCountry "ESP"]
[SourceTitle "EXT 2002"]
[Source "ChessBase"]
[SourceDate "2001.11.25"]
[SourceVersion "1"]
[SourceVersionDate "2001.11.25"]
[SourceQuality "1"]

1. e4 c5 2. Nf3 d6 3. d4 cxd4 4. Nxd4 Nf6 5. Nc3 e6 6. Be3 a6 7. Qd2 b5 8. f3 Nbd7 9. g4 h6 10. 0-0-0 Qc7 11. Bd3 Ne5 12. Kb1 Bb7 13. h4 b4 14. Nce2 d5 15. exd5 Nxd5 16. Nf4 Nxf3 17. Nxf3 Nc3+ 18. Ka1 Qa5 19. Bc4 Nxd1 20. Rxd1 Rd8 21. Qxd8+ Qxd8 22. Rxd8+ Kxd8 23. Ne5 Ke8 24. Bb3 Bd6 25. Ba4+ Kf8 26. Nfg6+ fxg6 27. Nxg6+ Kg8 28. Bd7 Bd5 29. Nxh8 Kxh8 30. a3 Be4 31. axb4 Bxc2 32. Bxe6 Bxb4 33. h5 a5 34. Ka2 a4 1/2-1/2

[Event "Catalunya-chT"]
[Site "Catalunya"]
[Date "1996.??.??"]
[Round "?"]
[White "Delgado, Alberto"]
[Black "Aoiz Linares, Jose Javier"]
[Result "1/2-1/2"]
[WhiteElo "2310"]
[BlackElo "2275"]
[PlyCount "102"]
[EventDate "1996.??.??"]
[EventType "team"]
[EventRounds "9"]
[EventCountry "ESP"]
[SourceTitle "EXT 1999"]
[Source "ChessBase"]
[SourceDate "1998.11.16"]
[SourceVersion "1"]
[SourceVersionDate "1998.11.16"]
[SourceQuality "1"]

1. c4 e5 2. Nc3 Nf6 3. g3 d5 4. cxd5 Nxd5 5. Bg2 Be6 6. Nf3 Nc6 7. 0-0 Nb6 8. d3 Be7 9. a3 0-0 10. b4 Nd4 11. Rb1 Nxf3+ 12. Bxf3 c6 13. Qc2 Rc8 14. Ne4 Bd5 15. Be3 Nd7 16. Nc5 Bxf3 17. exf3 b6 18. Na6 Nf6 19. Rfd1 Qd5 20. Kg2 Rfd8 21. a4 Qe6 22. Qc4 Nd5 23. a5 Nxe3+ 24. fxe3 Qxc4 25. dxc4 Kf8 26. Kf2 Ke8 27. Ke2 Rxd1 28. Rxd1 Rd8 29. Nc7+ Kf8 30. Rb1 Rd7 31. axb6 axb6 32. Na6 Ke8 33. b5 c5 34. Nb8 Ra7 35. Rb2 Bf6 36. Rd2 Ra8 37. Nc6 Ra4 38. Kd3 Ra3+ 39. Ke4 Bg5 40. f4 exf4 41. gxf4 Be7 42. Rd5 f6 43. Rh5 h6 44. Rh3 Rc3 45. Nxe7 Kxe7 46. Kd5 Kd7 47. Rg3 g5 48. fxg5 hxg5 49. Rf3 Rd3+ 50. Ke4 Rc3 51. Rxf6 Kc7 1/2-1/2

[Event "Catalunya-chT"]
[Site "Catalunya"]
[Date "1996.??.??"]
[Round "?"]
[White "Montell Lorenzo, Joan Carlos"]
[Black "Aoiz Linares, Jose Javier"]
[Result "0-1"]
[WhiteElo "2295"]
[BlackElo "2275"]
[PlyCount "76"]
[EventDate "1996.??.??"]
[EventType "team"]
[EventRounds "9"]
[EventCountry "ESP"]
[SourceTitle "EXT 1999"]
[Source "ChessBase"]
[SourceDate "1998.11.16"]
[SourceVersion "1"]
[SourceVersionDate "1998.11.16"]
[SourceQuality "1"]

1. f4 Nf6 2. Nf3 c5 3. e3 Nc6 4. d4 e6 5. c3 Be7 6. Bd3 cxd4 7. exd4 b6 8. 0-0 Bb7 9. b3 Qc7 10. Qe2 0-0 11. f5 e5 12. dxe5 Bc5+ 13. Kh1 Rfe8 14. b4 Nxe5 15. Nxe5 Rxe5 16. Qb2 Re1 17. h3 Qg3 18. bxc5 Rae8 19. Bf4 Qxf4 20. Na3 Rxa1 21. Rxa1 Qe3 22. Rd1 Qxh3+ 23. Kg1 Qe3+ 24. Qf2 Qg5 25. Nc4 Ng4 26. Qg3 h5 27. Rf1 b5 28. Nd6 Re3 29. Re1 Rxe1+ 30. Qxe1 Ne3 31. g3 Bc6 32. c4 b4 33. Be4 h4 34. Bxc6 dxc6 35. Ne4 Qh6 36. Qxb4 hxg3 37. Qb8+ Kh7 38. Qxg3 Nxf5 0-1

[Event "Sitges op"]
[Site "Sitges"]
[Date "1994.??.??"]
[Round "3"]
[White "Aoiz Linares, Jose Javier"]
[Black "Montilla Carrillo, Esteban"]
[Result "1-0"]
[WhiteElo "2310"]
[BlackElo "2245"]
[PlyCount "101"]
[EventDate "1994.??.??"]
[EventType "swiss"]
[EventRounds "9"]
[EventCountry "ESP"]
[SourceTitle "EXT 2000"]
[Source "ChessBase"]
[SourceDate "1999.11.16"]
[SourceVersion "1"]
[SourceVersionDate "1999.11.16"]
[SourceQuality "1"]

1. d4 Nf6 2. c4 g6 3. Nc3 Bg7 4. e4 d6 5. Be2 0-0 6. Nf3 e5 7. d5 Nbd7 8. 0-0 Nc5 9. Qc2 a5 10. Bg5 h6 11. Be3 b6 12. b3 Nh5 13. a3 f5 14. Nd2 Nf6 15. f3 f4 16. Bf2 Nh5 17. b4 Nb7 18. Nb3 Qg5 19. Rfc1 a4 20. Nd2 Bd7 21. Nb5 Rf7 22. Kf1 Rc8 23. Nb1 Qe7 24. N1c3 g5 25. Na7 Rcf8 26. Nc6 Qf6 27. Qd1 g4 28. Qe1 Kh8 29. Ra2 Qg6 30. Bh4 Bf6 31. Bd1 g3 32. Bxf6+ Qxf6 33. h3 Qh4 34. Ke2 Rg7 35. Bxa4 Qg5 36. Qh1 Nf6 37. Bb5 Be8 38. a4 Bg6 39. Rf1 Nxe4 40. Nxe4 Bxe4 41. fxe4 f3+ 42. Rxf3 Rxf3 43. gxf3 g2 44. Qg1 Qg3 45. Ra1 Rf7 46. Qf2 Qxh3 47. Rg1 Rg7 48. Ba6 h5 49. Bxb7 h4 50. Ne7 Rxe7 51. Qxg2 1-0

[Event "Sitges op"]
[Site "Sitges"]
[Date "1994.??.??"]
[Round "4"]
[White "Hamdouchi, Hicham"]
[Black "Aoiz Linares, Jose Javier"]
[Result "1-0"]
[WhiteElo "2530"]
[BlackElo "2310"]
[PlyCount "43"]
[EventDate "1994.??.??"]
[EventType "swiss"]
[EventRounds "9"]
[EventCountry "ESP"]
[SourceTitle "EXT 2000"]
[Source "ChessBase"]
[SourceDate "1999.11.16"]
[SourceVersion "1"]
[SourceVersionDate "1999.11.16"]
[SourceQuality "1"]

1. e4 c5 2. Nf3 d6 3. d4 cxd4 4. Nxd4 Nf6 5. Nc3 e6 6. Bc4 Nc6 7. Be3 Be7 8. Qe2 a6 9. 0-0-0 Qc7 10. Bb3 0-0 11. Rhg1 Nd7 12. g4 Nc5 13. Kb1 Bd7 14. Nf5 exf5 15. gxf5 Qd8 16. Bh6 Bf6 17. Nd5 Kh8 18. Nxf6 gxf6 19. Rxd6 Ne7 20. Qe3 Ng8 21. Qg3 Ne6 22. Rxe6 1-0

[Event "Manresa op"]
[Site "Manresa"]
[Date "1994.??.??"]
[Round "6"]
[White "Lupu, Mircea Sergiu"]
[Black "Aoiz Linares, Jose Javier"]
[Result "1-0"]
[WhiteElo "2430"]
[BlackElo "2310"]
[PlyCount "67"]
[EventDate "1994.??.??"]
[EventType "swiss"]
[EventRounds "9"]
[EventCountry "ESP"]
[SourceTitle "EXT 2004"]
[Source "ChessBase"]
[SourceDate "2003.11.25"]
[SourceVersion "1"]
[SourceVersionDate "2003.11.25"]
[SourceQuality "1"]

1. e4 Nf6 2. e5 Nd5 3. d4 d6 4. c4 Nb6 5. exd6 cxd6 6. Nc3 g6 7. Bd3 Bg7 8. Nge2 Nc6 9. d5 Ne5 10. b3 Nxd3+ 11. Qxd3 0-0 12. 0-0 Bf5 13. Qd2 e5 14. dxe6 Bxe6 15. Ba3 Re8 16. Rad1 d5 17. c5 Nd7 18. Nb5 Nf6 19. f3 a6 20. Nd6 Re7 21. Nd4 Ne8 22. f4 Bg4 23. Rc1 Nxd6 24. cxd6 Re4 25. Nf3 Bxf3 26. gxf3 Bd4+ 27. Kh1 Be3 28. Qxd5 Bxc1 29. Rxc1 Re6 30. d7 Kg7 31. Qd4+ Kh6 32. f5 Qg5 33. Rg1 Qxf5 34. Bc1+ 1-0